Le pacs /

সংরক্ষণ করুন:
গ্রন্থ-পঞ্জীর বিবরন
প্রধান লেখক: Mecary, Caroline (লেখক), Leroy-Forgeot, Flora (লেখক)
বিন্যাস: গ্রন্থ
ভাষা:ফরাসি
প্রকাশিত: Paris : Presses universitaires de France, 2001
সংস্করন:2. ed. mise a jour
মালা:Que sais-je? ; 3566
ট্যাগগুলো: ট্যাগ যুক্ত করুন
কোনো ট্যাগ নেই, প্রথমজন হিসাবে ট্যাগ করুন!

MARC

LEADER 00000nam a22000007i 4500
001 IT\ICCU\USM\1369560
003 ItRI
005 20260115231838.0
008 040812s2001 fr |||||| ||||| |||||c
020 |a 2130519598 
040 |b ita  |c importazione bologna sebina 
041 7 |a fre  |2 ISO-639-2 
100 1 |a Mecary, Caroline  |0 IT\ICCU\MILV\196437  |4 aut 
245 1 3 |a Le pacs /  |c Caroline Mecary, Flora Leroy-Gorgeot. 
250 |a 2. ed. mise a jour 
260 |a Paris :  |b Presses universitaires de France,  |c 2001 
300 |a 127 p. ;  |c 18 cm. 
700 1 |a Leroy-Forgeot, Flora  |0 IT\ICCU\RMGV\009653  |4 aut 
830 0 |a Que sais-je? ;  |v 3566  |0 IT\ICCU\CFI\0063042 
942 |2 ddc  |c BK  |n 0 
952 |0 0  |1 0  |4 0  |6 DOC_346_015000000000000_MEC  |7 0  |9 14111  |a BO  |b BO  |d 2026-01-15  |i 11065  |l 0  |o DOC 346.015 MEC  |p BO11065  |r 2026-01-15 23:18:38  |w 2026-01-15  |x [Sebina 5] [1 v.]  |y BK  |z 1 v. 
999 |c 12168  |d 12168